000 00548nam a2200181 a 4500
001 000034770
005 20200930073907.0
008 111019s1963 ve ac 000 0 spa d
040 _aDO-SdBNP
_bspa
_cBNPHU
082 _axxxx
_bS487
100 1 _aSerrano Poncela, Segundo
_960258
245 1 3 _aLa cultura occidental /
_cSegundo Serrano Poncela.
260 _aCaracas :
_bEditorial Arte,
_c1963.
300 _a443 p. :
_bil., retr. ;
_c24 cm.
490 1 _aSerie Textos de enseƱanza
830 0 _aSerie Textos de enseƱanza
_960259
049 _aBNPD
999 _c34261
_d34261